All cities and towns in Czech Republic - Statistics

General Stats
  • This quiz has been taken 188 times
  • The average score is 154 of 610
Answer Stats
# Region Population Answer % Correct
1. Capital 1,397,880 Praha
97%
4. Plzeňský 187,928 Plzeň
93%
2. Jihomoravský 402,739 Brno
91%
5. Liberecký 108,090 Liberec
91%
6. Olomoucký 103,063 Olomouc
89%
3. Moravskoslezský 283,187 Ostrava
89%
9. Pardubický 92,319 Pardubice
88%
11. Zlínský 74,684 Zlín
88%
7. Jihočeský 97,231 České Budějovice
87%
432. Plzeňský 2,754 Hrádek
87%
10. Ústecký 90,866 Ústí nad Labem
87%
19. Karlovarský 49,073 Karlovy Vary
84%
8. Královehradecký 94,311 Hradec Králové
81%
16. Vysočina 54,624 Jihlava
80%
14. Ústecký 63,474 Most
77%
18. Ústecký 50,912 Teplice
76%
12. Středočeský 69,664 Kladno
75%
15. Moravskoslezský 55,109 Opava
75%
17. Moravskoslezský 53,590 Frýdek-Místek
73%
21. Středočeský 47,346 Mladá Boleslav
73%
22. Ústecký 46,771 Chomutov
72%
103. Karlovarský 12,684
69%
27. Liberecký 36,815 Česká Lípa
69%
33. Karlovarský 32,808 Cheb
68%
23. Ústecký 46,376 Děčín
68%
55. Středočeský 21,642 Kutná Hora
68%
56. Středočeský 21,521 Beroun
67%
20. Moravskoslezský 48,937 Karviná
67%
35. Jihočeský 31,121 Písek
67%
32. Středočeský 33,444 Kolín
65%
40. Zlínský 24,887 Uherské Hradiště
65%
101. Jihočeský 12,797 Český Krumlov
64%
24. Liberecký 46,209 Jablonec nad Nisou
64%
26. Olomoucký 40,906 Přerov
64%
41. Olomoucký 24,735 Šumperk
64%
29. Jihočeský 34,356 Tábor
64%
30. Jihomoravský 34,172 Znojmo
64%
13. Moravskoslezský 68,674 Havířov
63%
128. Olomoucký 10,456 Jeseník
63%
59. Jihočeský 20,540 Jindřichův Hradec
63%
37. Zlínský 27,917 Kroměříž
63%
48. Ústecký 22,767 Litoměřice
63%
54. Karlovarský 22,007 Sokolov
63%
28. Vysočina 34,530 Třebíč
63%
49. Plzeňský 22,763 Klatovy
61%
96. Karlovarský 14,052 Mariánské Lázně
61%
47. Moravskoslezský 22,763 Nový Jičín
61%
36. Královéhradecký 29,607 Trutnov
61%
44. Pardubický 23,564 Chrudim
60%
45. Jihomoravský 23,517 Hodonín
60%
63. Středočeský 20,278 Mělník
60%
84. Středočeský 15,642 Nymburk
60%
25. Olomoucký 43,408 Prostějov
60%
94. Plzeňský 14,097 Tachov
60%
42. Jihomoravský 24,538 Břeclav
59%
43. Vysočina 23,791 Havlíčkův Brod
59%
65. Královéhradecký 19,827 Náchod
59%
34. Středočeský 32,773 Příbram
59%
82. Středočeský 15,682 Rakovník
59%
53. Jihočeský 22,355 Strakonice
59%
31. Moravskoslezský 33,852 Třinec
59%
60. Vysočina 20,404 Žďár nad Sázavou
59%
46. Moravskoslezský 23,075 Český Těšín
57%
240. Karlovarský 5,607 Františkovy Lázně
57%
79. Královéhradecký 16,101 Jičín
57%
92. Plzeňský 14,381 Rokycany
57%
39. Zlínský 25,185 Vsetín
57%
87. Moravskoslezský 15,037 Bruntál
56%
70. Ústecký 18,068 Louny
56%
38. Moravskoslezský 27,540 Orlová
56%
78. Vysočina 16,206 Pelhřimov
56%
74. Středočeský 17,043 Benešov
55%
119. Plzeňský 11,133 Domažlice
55%
80. Pardubický 16,073 Svitavy
55%
90. Královehradecký 14,577 Turnov
55%
73. Středočeský 17,143 Říčany
53%
97. Pardubický 14,011 Ústí nad Orlicí
53%
61. Moravskoslezský 20,315 Bohumín
52%
52. Ústecký 22,387 Litvínov
52%
83. Karlovarský 15,681 Ostrov
52%
58. Jihomoravský 20,645 Vyškov
52%
88. Pardubický 15,010 Česká Třebová
51%
66. Ústecký 19,240 Jirkov
51%
69. Ústecký 18,090 Kadaň
51%
51. Moravskoslezský 22,518 Krnov
51%
72. Zlínský 17,401 Otrokovice
51%
120. Jihočeský 11,119 Prachatice
51%
76. Zlínský 16,367 Uherský Brod
51%
50. Zlínský 22,580 Valašské Meziříčí
51%
71. Olomoucký 17,969 Hranice
48%
492. Karlovarský 2,070 Hranice
48%
86. Středočeský 15,232 Poděbrady
48%
129. Pardubický 10,448 Litomyšl
47%
81. Zlínský 16,063 Rožnov pod Radhoštěm
47%
183. Liberecký 7,379 Frýdlant
45%
67. Středočeský 19,005 Kralupy nad Vltavou
45%
116. Královehradecký 11,420 Rychnov nad Kněžnou
45%
264. Vysočina 5,134 Telč
45%
91. Ústecký 14,497 Bílina
44%
162. Liberecký 8,022 Semily
44%
157. Jihočeský 8,270 Třeboň
44%
64. Jihomoravský 20,002 Blansko
43%
126. Zlínský 10,554 Frenštát pod Radhoštěm
43%
75. Středočeský 16,937 Slaný
43%
100. Olomoucký 13,239 Šternberk
43%
68. Ústecký 18,959 Žatec
43%
57. Moravskoslezský 21,374 Kopřivnice
41%
140. Olomoucký 9,510 Litovel
41%
151. Ústecký 8,727 Lovosice
41%
139. Pardubický 9,550 Moravská Třebová
41%
77. Středočeský 16,360 Neratovice
41%
85. Královehradecký 15,322 Dvůr Králové nad Labem
40%
114. Vysočina 11,522 Humpolec
40%
95. Ústecký 14,068 Klášterec nad Ohří
40%
175. Jihomoravský 7,577 Mikulov
40%
135. Vysočina 9,834 Nové Město na Moravě
40%
110. Královehradecký 12,102 Vrchlabí
40%
190. Královehradecký 7,108 Broumov
39%
104. Ústecký 12,668 Roudnice nad Labem
39%
121. Ústecký 10,815 Rumburk
39%
122. Plzeňský 10,740 Sušice
39%
89. Ústecký 14,704 Varnsdorf
39%
62. Středočeský 20,313 Brandýs nad Labem-Stará Boleslav
37%
130. Středočeský 10,339 Čáslav
37%
270. Zlínský 5,029 Luhačovice
37%
113. Vysočina 11,608 Velké Meziříčí
37%
106. Pardubický 12,560 Vysoké Mýto
37%
291. Středočeský 4,698 Bystřice
36%
98. Moravskoslezský 13,352 Hlučín
36%
133. Jihomoravský 9,898 Ivančice
36%
468. Karlovarský 2,304 Jáchymov
36%
108. Královehradecký 12,483 Jaroměř
36%
191. Vysočina 7,098 Moravské Budějovice
36%
147. Pardubický 9,051 Polička
36%
172. Moravskoslezský 7,763 Rýmařov
36%
118. Olomoucký 11,237 Uničov
36%
185. Jihočeský 7,289 Vimperk
36%
277. Plzeňský 4,889 Bor
35%
105. Karlovarský 12,609 Chodov
35%
188. Jihočeský 7,157 Dačice
35%
234. Jihomoravský 5,667 Moravský Krumlov
35%
99. Olomoucký 13,320 Zábřeh
35%
178. Středočeský 7,487 Český Brod
33%
134. Moravskoslezský 9,835 Frýdlant nad Ostravicí
33%
112. Zlínský 11,616 Holešov
33%
261. Moravsloslezský 5,257 Jablunkov
33%
123. Jihomoravský 10,645 Kyjov
33%
160. Plzeňský 8,060 Stříbro
33%
171. Jihočeský 7,774 Týn nad Vltavou
33%
296. Jihomoravský 4,616 Adamov
32%
107. Jihomoravský 12,508 Boskovice
32%
163. Zlínský 8,002 Bystřice pod Hostýnem
32%
310. Ústecký 4,257 Chlumec
32%
159. Ústecký 8,114 Dubí
32%
247. Moravskoslezský 5,472 Fulnek
32%
127. Středočeský 10,460 Jesenice
32%
531. Středočeský 1,632 Jesenice
32%
125. Středočeský 10,598 Králův Dvůr
32%
93. Středočeský 14,270 Milovice
32%
184. Moravskoslezský 7,314 Odry
32%
591. Královehradecký 700 Pec pod Sněžkou
32%
131. Pardubický 10,203 Přelouč
32%
156. Moravskoslezský 8,298 Příbor
32%
574. Královehradecký 1,136 Špindlerův Mlýn
32%
225. LIberecký 5,970 Tanvald
32%
115. Středočeský 11,434 Vlašim
32%
174. Středočeský 7,712 Černošice
31%
150. Středočeský 8,870 Dobříš
31%
138. Pardubický 9,563 Hlinsko
31%
211. Zlínský 6,414 Hulín
31%
176. Jihočeský 7,531 Kaplice
31%
102. Ústecký 12,793 Krupka
31%
148. Středočeský 9,048 Mnichovo Hradiště
31%
136. Olomoucký 9,782 Mohelnice
31%
117. Liberecký 11,318 Nový Bor
31%
245. Plzeňský 5,493 Planá
31%
146. Středočeský 9,088 Roztoky
31%
141. Moravskoslezský 9,302 Studénka
31%
168. Středočeský 7,879 Benátky nad Jizerou
29%
132. Středočeský 10,004 Lysá nad Labem
29%
195. Plzeňský 6,991 Nýřany
29%
181. Moravskoslezský 7,409 Petřvald
29%
421. Ústecký 2,850 Terezín
29%
361. Jihomoravský 3,580 Valtice
29%
228. Pardubický 5,819 Žamberk
29%
349. Olomoucký 3,701 Zlaté Hory
29%
239. Královehradecký 5,609 Chlumec nad Cidlinou
28%
551. Liberecký 1,388 Harrachov
28%
237. Jihočeský 5,626 Hluboká nad Vltavou
28%
155. Královehradecký 8,476 Hořice
28%
252. Liberecký 5,377 Jilemnice
28%
209. Karlovarský 6,432 Kraslice
28%
111. Jihomoravský 11,860 Kuřim
28%
165. Olomoucký 7,955 Lipník nad bečvou
28%
143 . Královehradecký 9,181 Nové Město nad Metují
28%
204. Zlínský 6,585 Staré Město
28%
525. Olomoucký 1,678 Staré Město
28%
154. Ústecký 8,553 Štětí
28%
177. Středočeský 7,515 Úvaly
28%
207. Jihočeský 6,515 Veselí nad Lužnicí
28%
282. Jihočeský 4,815 Bechyně
27%
202. Jihočeský 6,669 Blatná
27%
109. Středočeský 12,474 Čelákovice
27%
272. Královehradecký 5,020 Česká Skalice
27%
153. Pardubický 8,641 Choceň
27%
265. Liberecký 5,115 Doksy
27%
161. Středočeský 8,055 Hořovice
27%
144. Středočeský 9,179 Hostivice
27%
214. Jihomoravský 6,388 Hustopeče
27%
166. Jihočeský 7,950 Milevsko
27%
197. Plzeňský 6,792 Přeštice
27%
334. Středočeský 3,867 Sázava
27%
473. Jihočeský 2,229 Slavonice
27%
182. Jihočeský 7,383 Vodňany
27%
145. Vysočina 9,092 Chotěboř
25%
426. Vysočina 2,821 Golčův Jeníkov
25%
444. Olomoucký 2,574 Javorník
25%
373. Plzeňský 3,450 Kralovice
25%
194. Zlínský 7,043 Napajedla
25%
173. Karlovarský 7,733 Nejdek
25%
273. Plzeňský 5,011 Nýrsko
25%
199. Středočeský 6,767 Sedlčany
25%
193. Jihočeský 7,070 Soběslav
25%
250. Plzeňský 5,403 Starý Plzenec
25%
124. Jihomoravský 10,623 Veselí nad Moravou
25%
539. Plzeňský 1,599 Železná Ruda
25%
158. Královehradecký 8,262 Červený Kostelec
24%
232. Olomoucký 5,748 Kojetín
24%
137. Pardubický 9,776 Lanškroun
24%
399. Karlovarský 3,050 Loket
24%
344. Ústecký 3,762 Lom
24%
417. Středočeský 2,878 Městec Králové
24%
215. Liberecký 6,387 Mimoň
24%
149. Královehradecký 8,979 Nová Paka
24%
455. Jihočeský 2,469 Nové Hrady
24%
303. Ústecký 4,516 Osek
24%
217. Ústecký 6,253 Podbořany
24%
192. Jihočeský 7,097 Sezimovo Ústí
24%
213. Vysočina 6,394 Světlá nad Sázavou
24%
297. Středočeský 4,755 Zruč nad Sázavou
24%
253. Středočeský 5,355 Bakov nad Jizerou
23%
169. Vysočina 7,871 Bystřice nad Pernštejnem
23%
269. Ústecký 5,037 Česká Kamenice
23%
387. Pardubický 3,150 Chrast
23%
152. Ústecký 8,695 Duchcov
23%
200. Pardubický 6,761 Holice
23%
606. Moravskoslezský 256 Janov
23%
425. Pardubický 2,822 Jevíčko
23%
496. Středočeský 1,984 Kouřim
23%
324. Pardubický 4,097 Králíky
23%
201. Moravskoslezský 6,689 Kravaře
23%
212. Pardubický 6,407 Letohrad
23%
210. Středočeský 6,432 Mnišek pod Brdy
23%
289. Vysočina 4,743 Pacov
23%
294. Ústecký 4,673 Postoloprty
23%
186. Jihomoravský 7,258 Slavkov u Brna
23%
236. Ústecký 5,629 Šluknov
23%
461. Královehradecký 2,400 Sobotka
23%
142. Jihomoravský 9,225 Tišnov
23%
221. Královehradecký 6,148 Týniště nad Orlicí
23%
299. Královehradecký 4,568 Vamberk
23%
400. Jihočeský 3,036 Volyně
23%
442. Jihočeský 2,597 Vyšší Brod
23%
584. Karlovarský 903 Bečov nad Teplou
21%
366. Ústecký 3,526 Benešov nad Ploučnicí
21%
251. Zlínský 5,400 Brumov-Bylnice
21%
164. Liberecký 8,001 Hrádek nad Nisou
21%
318. Středočeský 4,156 Kostelec nad Černými lesy
21%
352. Královehradecký 3,674 Lázně Bělohrad
21%
427. Olomoucký 2,804 Moravský Beroun
21%
342. Středočeský 3,777 Řevnice
21%
369. Moravskoslezský 3,470 Štramberk
21%
259. Jihočeský 5,262 Trhové Sviny
21%
280. Zlínský 4,864 Valašské Klobouky
21%
243. Moravskoslezský 5,508 Vítkov
21%
224. Liberecký 6,043 Železný Brod
21%
479. Karlovarský 2,187 Žlutice
21%
523. Jihočeský 1,683 Bavorov
20%
180. Moravskoslezský 7,411 Bílovec
20%
315. Jihočeský 4,184 Borovany
20%
216. Liberecký 6,315 Chrastava
20%
266. Plzeňský 5,103 Horažďovice
20%
268. Plzeňský 5,046 Horšovský Týn
20%
495. Ústecký 1,990 Hrob
20%
329. Vysočina 3,964 Jemnice
20%
276. Ústecký 4,932 Jílové
20%
381. Ústecký 3,341 Krásná Lípa
20%
357. Jihomoravský 3,637 Lanžhot
20%
380. Pardubický 3,355 Lázně Bohdaneč
20%
288. Vysočina 4,749 Ledeč nad Sázavou
20%
233. Středočeský 5,686 Nové Strašecí
20%
187. Královehradecký 7,224 Nový Bydžov
20%
388. Královehradecký 3,148 Opočno
20%
222. Jihomoravský 6,126 Pohořelice
20%
326. Vysočina 4,076 Přibyslav
20%
475. Liberecký 2,220 Ralsko
20%
244. Středočeský 5,502 Rudná
20%
220. Zlínský 6,184 Slavičín
20%
356. Plzeňský 3,646 Stod
20%
255. Jihomoravský 5,311 Strážnice
20%
370. Karlovarský 3,465 Toužim
20%
229. Vysočina 5,790 Třešť
20%
422. Ústecký 2,844 Úštěk
20%
246. Vysočina 5,482 Velká Bíteš
20%
281. Zlínský 4,845 Vizovice
20%
607. Karlovarský 255 Boží Dar
19%
526. Liberecký 1,672 Dubá
19%
553. Plzeňský 1,367 Kašperské Hory
19%
262. Středočeský 5,247 Kosmonosy
19%
218. Královehradecký 6,252 Kostelec nad Orlicí
19%
464. Ústecký 2,381 Kryry
19%
241. Zlínský 5,570 Kunovice
19%
319. Středočeský 4,156 Mnichovice
19%
363. Plzeňský 3,562 Nepomuk
19%
205. Středočeský 6,547 Odolena Voda
19%
412. Plzeňský 2,924 Plasy
19%
452. Vysočina 2,502 Počátky
19%
322. Královehradecký 4,131 Police nad Metují
19%
258. Vysočina 5,277 Polná
19%
285. Jihočeský 4,764 Protivín
19%
312. Středočeský 4,244 Rožmitál pod Třemšínem
19%
170. Morvskoslezský 7,787 Rychvald
19%
167. Jihomoravský 7,915 Šlapanice
19%
536. Královehradecký 1,614 Teplice nad Metují
19%
227. Královehradecký 5,869 Třebechovice pod Orebem
19%
267. Plzeňský 5,052 Třemošná
19%
313. Zlínský 4,209 Uherský Ostroh
19%
394. Středočeský 3,080 Velvary
19%
350. Jihočeský 3,692 Volary
19%
449. Středočeský 2,541 Zbiroh
19%
323. Středočeský 4,124 Zdice
19%
283. Středočeský 4,804 Bělá pod Bezdězem
17%
196. Jihomoravský 6,891 Bučovice
17%
358. Jihočeský 3,607 České Velenice
17%
416. Liberecký 2,882 Český Dub
17%
301. Liberecký 4,534 Cvikov
17%
343. Středočeský 3,772 Dobřichovice
17%
256. Karlovarský 5,309 Horní Slavkov
17%
368. Ústecký 3,507 Jiříkov
17%
549. Karlovarský 1,403 Lázně Kynžvart
17%
189. Jihomoravský 7,124 Letovice
17%
397. Jihomoravský 3,054 Miroslav
17%
230. Jihomoravský 5,755 Modřice
17%
385. Jihočeský 3,199 Nová Bystřice
17%
278. Středočeský 4,874 Pečky
17%
453. Královehradecký 2,478 Rokytnice nad Jizerou
17%
198. Jihomoravský 6,784 Rosice
17%
226. Jihomoravský 5,962 Rousínov
17%
383. Středočeský 3,301 Sadská
17%
462. Královehradecký 2,376 Solnice
17%
430. Ústecký 2,766 Vejprty
17%
296. Středočeský 4,760 Votice
17%
179. Moravskoslezský 7,434 Vratimov
17%
290. Moravskoslezský 4,714 Vrbno pod Pradědem
17%
242. Zlínský 5,561 Zubří
17%
362. Středočeský 3,577 Březnice
16%
403. Liberecký 2,999 Desná
16%
206. Královehradecký 6,532 Dobruška
16%
338. Zlínský 3,834 Fryšták
16%
311. Zlínský 4,254 Hluk
16%
592. Královehradecký 658 Janské Lázně
16%
263. Plzeňský 5,153 Kdyně
16%
524. Plzeňský 1,682 Kladruby
16%
302. Karlovarský 4,527 Kynšperk nad Ohří
16%
309. Karlovarský 4,277 Nová Role
16%
470. Olomoucký 2,254 Plumlov
16%
443. Jihočeský 2,587 Rudolfov
16%
203. Moravskoslezský 6,639 Šenov
16%
317. Pardubický 4,163 Slatiňany
16%
360. Jihočeský 3,597 Suchdol nad Lužnicí
16%
466. Středočeský 2,311 Veltrusy
16%
396. Královehradecký 3,072 Žacléř
16%
372. Jihočeský 3,453 Zliv
16%
588. Karlovarský 831 Abertamy
15%
314. Plzeňský 4,207 Blovice
15%
333. Moravskoslezský 3,869 Dolní Benešov
15%
292. Karlovarský 4,691 Habartov
15%
433. Liberecký 2,751 Hejnice
15%
223. Královehradecký 6,094 Hronov
15%
340. Ústecký 3,811 Kamenický Šenov
15%
305. Středočeský 4,462 Kostelec nad Labem
15%
365. Středočeský 3,555 Libušín
15%
238. Liberecký 5,626 Lomnice nad Popelkou
15%
378. Moravskoslezský 3,375 Město Albrechtice
15%
465. Královehradecký 2,324 Meziměstí
15%
491. Ústecký 2,092 Mikulášovice
15%
471. Plzeňský 2,248 Mirošov
15%
562. Jihočeský 1,232 Mirotice
15%
533. Jihočeský 1,623 Mirovice
15%
284. Vysočina 4,767 Náměšť nad Oslavou
15%
456. Jihočeský 2,467 Netolice
15%
610. Karlovarský 70 Přebuz
15%
346. Jihomoravský 3,736 Rájec-Jestřebí
15%
321. Jihomoravský 4,136 Rajhrad
15%
271. Pardubický 5,020 Skuteč
15%
409. Zlínský 2,945 Slušovice
15%
254. Středočeský 5,349 Stochov
15%
413. Karlovarský 2,903 Teplá
15%
457. Olomoucký 2,467 Tovačov
15%
231. Středočeský 5,752 Týnec nad Sázavou
15%
257. Středočeský 5,292 Unhošť
15%
249. Královehradecký 5,448 Úpice
15%
328. Středočeský 3,995 Buštěhrad
13%
208. Plzeňský 6,504 Dobřany
13%
219. Jihomoravský 6,202 Dubňany
13%
415. Olomoucký 2,889 Hanušovice
13%
235. Plzeňský 5,647 Holýšov
13%
477. Moravskoslezský 2,205 Horní Benešov
13%
327. Plzeňský 4,066 Horní Bříza
13%
248. Moravskoslezský 5,459 Hradec nad Moravicí
13%
406. Jihomoravský 2,978 Ivanovice na Hané
13%
260. Středočeský 5,262 Jílové u Prahy
13%
474. Jihočeský 2,221 Kardašova Řečice
13%
438. Zlínský 2,673 Kelč
13%
484. Královehradecký 2,157 Kopidlno
13%
414. Jihomoravský 2,891 Kunštát
13%
375. Ústecký 3,388 Libochovice
13%
298. Ústecký 4,597 Meziboří
13%
546. Středočeský 1,415 Mšeno
13%
469. Středočeský 2,301 Pyšely
13%
307. Pardubický 4,451 Sezemice
13%
337. Liberecký 3,839 Stráž pod Ralskem
13%
600. Plzeňský 438 Úterý
13%
391. Jihomoravský 3,100 Velké Pavlovice
13%
408. Liberecký 2,954 Zákupy
13%
393. Vysočina 3,083 Ždírec nad Doubravou
13%
472. Středočeský 2,248 Žebrák
13%
386. Vysočina 3,178 Žirovnice
13%
582. Plzeňský 931 Bezdružice
12%
308. Zlínský 4,422 Bojkovice
12%
439. Karlovarský 2,664 Březová
12%
483. Karlovarský 2,159 Budyně nad Ohří
12%
300. Jihomoravský 4,561 Bzenec
12%
275. Pardubický 4,964 Heřmanův Městec
12%
320. Královehradecký 4,151 Hostinné
12%
537. Liberecký 1,609 Jablonec nad Jizerou
12%
348. Liberecký 3,704 Jablonné v Podještědí
12%
463. Zlínský 2,373 Karolinka
12%
330. Středočeský 3,938 Klecany
12%
293. Jihočeský 4,679 Lišov
12%
478. Karlovarský 2,191 Luby
12%
573. Plzeňský 1,136 Manětín
12%
538. Plzeňský 1,602 Mýto
12%
431. Středočeský 2,764 Neveklov
12%
347. Liberecký 3,725 Nové Město pod Smrkem
12%
279. Jihomoravský 4,873 Oslavany
12%
332. Moravskoslezský 3,883 Paskov
12%
423. Liberecký 2,833 Raspenava
12%
331. Liberecký 3,915 Smržovka
12%
335. Jihočeský 3,861 Velešín
12%
485. Středočeský 2,156 Zásmuky
12%
604. Karlovarský 357 Andělská Hora
11%
428. Moravskoslezský 2,801 Budišov nad Budišovkou
11%
556. Ústecký 1,333 Chřibská
11%
295. Zlínský 4,642 Chropyně
11%
411. Pardubický 2,925 Chvaletice
11%
274. Středočeský 4,965 Chýně
11%
595. Karlovarský 583 Chyše
11%
437. Pardubický 2,692 Dašice
11%
589. Jihočeský 754 Deštná
11%
353. Středočeský 3,671 Dobrovice
11%
395. Pardubický 3,078 Jablonné nad Orlicí
11%
458. Plzeňský 2,464 Janovice nad Úhlavou
11%
355. Vysočina 3,651 Kamenice nad Lipou
11%
306. Moravskoslezský 4,454 Klimkovice
11%
440. Olomoucký 2,664 Konice
11%
581. Královehradecký 958 Miletín
11%
530. Karlovarský 1,651 Oloví
11%
297. Jihočeský 4,614 Planá nad Lužnicí
11%
513. Plzeňský 1,847 Radnice
11%
602. Jihočeský 375 Rožmberk nad Vltavou
11%
497. Středočeský 1,980 Smečno
11%
389. Královehradecký 3,138 Smiřice
11%
504. Olomoucký 1,905 Štíty
11%
529. Plzeňský 1,666 Švihov
11%
544. Středočeský 1,506 Trhový Štěpánov
11%
435. LIberecký 2,717 Velké Hamry
11%
502. Liberecký 1,922 Žandov
11%
351. Jihomoravský 3,676 Židlochovice
11%
518. Plzeňský 1,754 Bělá nad Radbuzou
9%
578. Ústecký 1,046 Blšany
9%
493. Středočeský 2,062 Borohrádek
9%
401. Středočeský 3,011 Dolní Bousov
9%
404. Liberecký 2,994 Hodkovice nad Mohelkou
9%
509. Vysočina 1,871 Horní Cerekev
9%
467. Pardubický 2,307 Hrochův Týnec
9%
377. Jihomoravský 3,377 Hrušovany nad Jevišovkou
9%
325. Vysočina 4,087 Jaroměřice nad Rokytnou
9%
392. Plzeňský 3,085 Kaznějov
9%
434. Zlínský 2,732 Koryčany
9%
543. Plzeňský 1,511 Kožlany
9%
369. Středočeský 3,604 Libčice nad Vltavou
9%
609. Ústecký 199 Loučná pod Klínovcem
9%
441. Pardubický 2,604 Luže
9%
542. Plzeňský 1,551 Poběžovice
9%
410. Jihomoravský 2,938 Podivín
9%
534. Plzeňský 1,621 Přimda
9%
429. Karlovarský 2,778 Rotava
9%
552. Liberecký 1,371 Rovensko pod Troskami
9%
505. Karlovarský 1,892 Skalná
9%
402. Plzeňský 3,008 Spálené Poříčí
9%
374. Plzeňský 3,401 Staňkov
9%
382. Pardubický 3,314 Třemošnice
9%
390. Středočeský 3,131 Uhlířské Janovice
9%
371. Jihomoravský 3,457 Velké Opatovice
9%
547. Královehradecký 1,405 Železnice
9%
575. Olomoucký 1,128 Žulová
9%
508. Karlovarský 1,874 Bochov
8%
339. Vysočina 3,817 Brtnice
8%
447. Ústecký 2,545 Chabařovice
8%
445. Jihomoravský 2,571 Dolní Kounice
8%
480. Ústecký 2,176 Horní Jiřetín
8%
499. Jihočeský 1,943 Horní Planá
8%
384. Ústecký 3,239 Košťany
8%
398. Olomoucký 3,052 Loštice
8%
459. Plzeňský 2,444 Město Touškov
8%
436. Jihočeský 2,705 Mladá Vožice
8%
522. Pardubický 1,693 Nasavrky
8%
563. Královehradecký 1,218 Pilníkov
8%
532. Plzeňský 1,629 Plánice
8%
598. Plzeňský 496 Rabí
8%
420. Liberecký 2,854 Rychnov u Jablonce nad Nisou
8%
512. Pardubický 1,848 Seč
8%
405 Středočeský 2,979 Sedlec-Prčice
8%
554. Vysočina 1,367 Svratka
8%
569. Olomoucký 1,164 Úsov
8%
341. Olomoucký 3,779 Velká Bystřice
8%
345. Jihočeský 3,761 Větřní
8%
511. Ústecký 1,854 Vroutek
8%
605. Ústecký 295 Výsluní
8%
558. Pardubický 1,300 Brandýs nad Orlicí
7%
316. Moravskoslezský 4,164 Brušperk
7%
583. Plzeňský 922 Hartmanice
7%
599. Ústecký 479 Hora Svaté Kateřiny
7%
454. Jihomoravský 2,476 Klobouky u Brna
7%
424. Olomoucký 2,832 Kostelec na Hané
7%
577. Středočeský 1,078 Liběchov
7%
450. Karlovarský 2,527 Nové Sedlo
7%
507. Karlovarský 1,886 Plesná
7%
561. Olomoucký 1,237 Potštát
7%
608. Plzeňský 240 Rejštejn
7%
488. Pardubický 2,125 Rokytnice v Orlických horách
7%
527. Pardubický 1,668 Ronov nad Doubravou
7%
419. Královehradecký 2,858 Rtyně v Podkrkonoší
7%
364. Olomoucký 3,555 Štěpánov
7%
587. Jihočeský 879 Stráž nad Nežárkou
7%
376. Ústecký 3,381 Trmice
7%
336. Jihomoravský 3,854 Velké Bílovice
7%
494. Ústecký 2,013 Velký Šenov
7%
566. Olomoucký 1,190 Vidnava
7%
304. Jihomoravský 4,496 Vracov
7%
448. Jihomoravský 2,543 Ždánice
7%
460. Karlovarský 2,415 Bohušovice nad Ohří
5%
528. Ústecký 1,668 Dolní Poustevna
5%
603. Karlovarský 365 Horní Blatná
5%
548. Jihočeský 1,405 Husinec
5%
570. Jihomoravský 1,159 Jevišovice
5%
597. Ústecký 538 Ledvice
5%
593. Vysočina 650 Lipnice nad Sázavou
5%
515. Jihočeský 1,778 Lomnice nad Lužnicí
5%
576. Plzeňský 1,122 Měčín
5%
585. Středočeský 885 Miličín
5%
407. Zlínský 2,975 Morkovice-Slížany
5%
451. Královehradecký 2,508 Nechanice
5%
481. Jihočeský 2,176 Nová Včelnice
5%
486. Středočeský 2,154 Nový Knín
5%
498. Královehradecký 1,951 Svoboda nad Úpou
5%
476. Středočeský 2,211 Týnec nad Labem
5%
379. Jihomoravský 3,375 Újezd u Brna
5%
367. Jihomoravský 3,512 Veverská Bítýška
5%
418. Moravskoslezský 2,874 Břidličná
4%
565. Plzeňský 1,196 Černošín
4%
516. Vysočina 1,769 Černovice
4%
446. Jihočeský 2,568 Chýnov
4%
557. Vysočina 1,309 Habry
4%
517. Ústecký 1,768 Hoštka
4%
501. Středočeský 1,935 Hostomice
4%
482. Karlovarský 2,162 Hroznětín
4%
487. Jihočeský 2,132 Jistebnice
4%
590. Karlovarský 702 Krásno
4%
500. Liberecký 1,941 Lučany nad Nisou
4%
596. Ústecký 567 Mašťov
4%
535. Jihomoravský 1,620 Olešnice
4%
567. Liberecký 1,184 Osečná
4%
489. Pardubický 2,124 Proseč
4%
521. Středočeský 1,703 Rožďalovice
4%
555. Plzeňský 1,362 Strážov
4%
568. Ústecký 1,171 Verneřice
4%
519. Jihočeský 1,750 Vlachovo Březí
4%
559. Liberecký 1,278 Vysoké nad Jizerou
4%
354. Jihomoravský 3,671 Zbýšov
4%
579. Jihočeský 1,024 Bělčice
3%
541. Pardubický 1,563 Bystré
3%
490. Pardubický 2,119 Horní Jelení
3%
514. Vysočina 1,784 Hrotovice
3%
572. Středočeský 1,143 Krásná Hora nad Vltavou
3%
586. Královehradecký 883 Vysoké Veselí
3%
540. Pardubický 1,569 Březová nad Svitavou
1%
545. Plzeňský 1,441 Kasejovice
1%
601. Karlovarský 392 Krásné Údolí
1%
510. Královehradecký 1,868 Libáň
1%
571. Plzeňský 1,152 Nalžovské Hory
1%
503. Olomoucký 1,918 Němčice nad Hanou
1%
560. Jihočeský 1,276 Sedlice
1%
594. Královehradecký 633 Stárkov
1%
550. Jihočeský 1,403 Strmilov
1%
580. Vysočina 1,024 Červená Řečice
0%
564. Plzeňský 1,213 Hostouň
0%
506. Ústecký 1,889 Třebenice
0%
520. Plzeňský 1,716 Všeruby
0%
No matching quizzes found
Score Distribution
Percent of People with Each Score
Percentile by Number Answered
Your Score History
You have not taken this quiz